Statistics for Two Word Cities by First Word

Click here to take the quiz!

General Stats

  • This quiz has been taken 28 times
  • The average score is 7 of 18

Answer Stats

Word IWord II% Correct
TelAviv
100%
AbuDhabi
96%
CapeTown
81%
AliceSprings
74%
DesMoines
70%
CorpusChristi
63%
BeninCity
48%
MiltonKeynes
41%
NizhnyNovgorod
37%
MooseJaw
30%
LeHavre
22%
LeMans
19%
BahíaBlanca
11%
PalmerstonNorth
11%
DireDawa
7%
VelikyNovgorod
7%
Bobo-Dioulasso
4%
Xai-Xai
0%

Score Distribution

Percentile by Number Answered

Percent of People with Each Score

Your Score History

You have not taken this quiz